000 01065naa a2200289 c 4500
001 39582
003 ES-MaCES
005 20150929135558.0
008 091202n2009 sp d t 000 | spa d
035 _aCES20090010258v
040 _aES-MaCES
_bspa
_cES-MaCES
100 1 _aPorres Gómez, Antonio Martín
_921247
245 1 3 _aLa Unión del Mediterráneo
_b: un nuevo elemento en la gobernanza de la región mediterránea
_cAntonio Martín Porras Gómez
650 4 _adeclaración
_928950
650 4 _apaís árabe
_926973
650 4 _aBarcelona
_930805
650 4 _arelaciones internacionales
_926675
650 4 _acooperación internacional
_926635
650 4 _apolítica de desarrollo
_927014
650 4 _apolítica exterior
_926687
653 1 0 _aCooperación al desarrollo
650 4 _926752
_aUE
773 0 _tRevista de fomento social
_gvol. 64, n. 255 (jul.-sept. 2009){10465 R. 075518}; p. 525-547
_w(ES-MaCES)25471
_960224
902 _aART Artículo de revista
942 _2CES
_cAR
_h1.2.
999 _c39582
_d39582